[Event "European Individual Chess Championship 2017"]
[Site "?"]
[Date "2017.06.09"]
[Round "10.41"]
[White "Zvjaginsev, Vadim"]
[Black "Wagner, Dennis"]
[Result "1/2-1/2"]
[BlackElo "2571"]
[WhiteElo "2661"]
[LiveChessVersion "1.4.8"]

1. Nf3 {[%clk 1:27:55]} d5 {[%clk 1:30:44]} 2. c4 {[%clk 1:28:20]} e6
{[%clk 1:30:58]} 3. b3 {[%clk 1:25:54]} d4 {[%clk 1:30:57]} 4. g3
{[%clk 1:25:19]} c5 {[%clk 1:28:25]} 5. e3 {[%clk 1:25:19]} Nc6 {[%clk 1:28:05]}
6. exd4 {[%clk 1:25:43]} cxd4 {[%clk 1:27:55]} 7. Bg2 {[%clk 1:26:03]} Nf6
{[%clk 1:28:17]} 8. O-O {[%clk 1:26:22]} Bd6 {[%clk 1:22:42]} 9. d3
{[%clk 1:21:44]} O-O {[%clk 1:22:46]} 10. Re1 {[%clk 1:22:05]} e5
{[%clk 1:14:56]} 11. Bg5 {[%clk 1:21:50]} h6 {[%clk 1:12:09]} 12. Bxf6
{[%clk 1:22:03]} Qxf6 {[%clk 1:12:37]} 13. a3 {[%clk 1:14:48]} a5
{[%clk 1:09:15]} 14. Nbd2 {[%clk 1:11:48]} Bf5 {[%clk 0:58:15]} 15. Ne4
{[%clk 1:09:11]} Qe7 {[%clk 0:58:24]} 16. Nh4 {[%clk 1:04:59]} Bh7
{[%clk 0:53:49]} 17. Nxd6 {[%clk 1:01:46]} Qxd6 {[%clk 0:54:12]} 18. Bd5
{[%clk 1:00:43]} Kh8 {[%clk 0:51:42]} 19. Qe2 {[%clk 0:54:59]} Rab8
{[%clk 0:40:41]} 20. Nf3 {[%clk 0:48:35]} Rbe8 {[%clk 0:22:59]} 21. Nd2
{[%clk 0:39:03]} Qg6 {[%clk 0:19:23]} 22. Ne4 {[%clk 0:35:44]} Ne7
{[%clk 0:18:52]} 23. Bxb7 {[%clk 0:34:12]} Qb6 {[%clk 0:16:11]} 24. b4
{[%clk 0:30:57]} f6 {[%clk 0:12:07]} 25. Bd5 {[%clk 0:27:40]} Nxd5
{[%clk 0:11:14]} 26. cxd5 {[%clk 0:28:00]} axb4 {[%clk 0:11:25]} 27. axb4
{[%clk 0:27:51]} Qxb4 {[%clk 0:09:46]} 28. Reb1 {[%clk 0:27:29]} Qe7
{[%clk 0:10:14]} 29. d6 {[%clk 0:26:14]} Qe6 {[%clk 0:08:38]} 30. Ra7
{[%clk 0:24:26]} Rb8 {[%clk 0:04:24]} 31. Rc1 {[%clk 0:19:48]} Rfc8
{[%clk 0:01:07]} 32. Rxc8+ {[%clk 0:17:45]} Rxc8 {[%clk 0:01:14]} 33. d7
{[%clk 0:17:06]} Rd8 {[%clk 0:01:42]} 34. Qc2 {[%clk 0:10:56]} Bf5
{[%clk 0:02:11]} 35. Qa4 {[%clk 0:06:50]} Kh7 {[%clk 0:01:58]} 36. Rc7
{[%clk 0:03:32]} Bh3 {[%clk 0:01:29]} 37. f3 {[%clk 0:03:32]} Qb6
{[%clk 0:01:26]} 38. Qc6 {[%clk 0:02:57]} Qb1+ {[%clk 0:00:41]} 39. Qc1
{[%clk 0:03:22]} Qxc1+ {[%clk 0:00:45]} 40. Rxc1 {[%clk 0:33:48]} Bxd7
{[%clk 0:31:00]} 41. Rc7 {[%clk 0:32:49]} h5 {[%clk 0:27:11]} 42. h3
{[%clk 0:31:27]} Kg6 {[%clk 0:22:10]} 43. g4 {[%clk 0:31:47]} h4 {[%clk 0:21:25]}
44. Kf2 {[%clk 0:27:59]} Be6 {[%clk 0:19:39]} 45. f4 {[%clk 0:19:44]} exf4
{[%clk 0:14:43]} 46. Kf3 {[%clk 0:20:11]} Ra8 {[%clk 0:14:51]} 47. Kxf4
{[%clk 0:20:25]} Ra1 {[%clk 0:14:38]} 48. Kf3 {[%clk 0:19:47]} Rh1
{[%clk 0:10:26]} 49. Nf2 {[%clk 0:16:57]} Re1 {[%clk 0:10:13]} 50. Rc5
{[%clk 0:16:39]} Re3+ {[%clk 0:08:52]} 51. Kf4 {[%clk 0:11:31]} Kf7
{[%clk 0:09:14]} 52. Rc7+ {[%clk 0:11:46]} Kg6 {[%clk 0:08:40]} 53. Rc5
{[%clk 0:11:58]} Kh7 {[%clk 0:05:37]} 54. g5 {[%clk 0:08:35]} Kg6
{[%clk 0:05:58]} 55. gxf6 {[%clk 0:08:35]} gxf6 {[%clk 0:06:26]} 56. Rc6
{[%clk 0:05:46]} Bxh3 {[%clk 0:03:06]} 57. Ne4 {[%clk 0:04:22]} Bg2
{[%clk 0:03:34]} 58. Rxf6+ {[%clk 0:04:44]} Kg7 {[%clk 0:04:00]} 59. Rd6
{[%clk 0:03:53]} h3 {[%clk 0:02:33]} 60. Rd7+ {[%clk 0:03:33]} Kg6
{[%clk 0:02:45]} 61. Rd6+ {[%clk 0:03:54]} Kg7 {[%clk 0:01:44]} 62. Rd7+
{[%clk 0:04:20]} Kf8 {[%clk 0:01:55]} 63. Ng5 {[%clk 0:03:07]} Ke8
{[%clk 0:00:42]} 64. Rh7 {[%clk 0:03:21]} Rxd3 {[%clk 0:00:57]} 65. Ke5
{[%clk 0:03:32]} Rg3 {[%clk 0:00:58]} 66. Nxh3 {[%clk 0:02:02]} Bxh3
{[%clk 0:01:25]} 67. Kxd4 {[%clk 0:02:20]} Be6 {[%clk 0:01:48]} 68. Ke5
{[%clk 0:02:30]} Bf7 {[%clk 0:02:06]} 69. Kf4 {[%clk 0:02:35]} Ra3
{[%clk 0:02:30]} 70. Rh6 {[%clk 0:02:48]} Ke7 {[%clk 0:02:54]} 71. Rb6
{[%clk 0:03:06]} Be6 {[%clk 0:03:19]} 72. Ke5 {[%clk 0:03:28]} Ra5+
{[%clk 0:03:43]} 73. Ke4 {[%clk 0:03:45]} Kf6 {[%clk 0:04:09]} 74. Rb8
{[%clk 0:04:00]} Ra4+ {[%clk 0:04:33]} 75. Ke3 {[%clk 0:04:14]} Ke5
{[%clk 0:04:56]} 76. Re8 {[%clk 0:04:36]} Ra3+ {[%clk 0:05:21]} 77. Ke2
{[%clk 0:05:01]} Kd5 {[%clk 0:05:40]} 78. Kf2 {[%clk 0:05:06]} Bf5
{[%clk 0:05:18]} 79. Re3 {[%clk 0:05:29]} Ra4 {[%clk 0:05:33]} 80. Kf3
{[%clk 0:05:51]} Be4+ {[%clk 0:05:38]} 81. Kf4 {[%clk 0:06:15]} Ra1
{[%clk 0:05:36]} 82. Rb3 {[%clk 0:05:29]} Rf1+ {[%clk 0:05:57]} 83. Kg5
{[%clk 0:05:52]} Ke5 {[%clk 0:06:12]} 84. Rb5+ {[%clk 0:06:12]} Bd5
{[%clk 0:06:37]} 85. Ra5 {[%clk 0:06:30]} Rg1+ {[%clk 0:07:01]} 86. Kh5
{[%clk 0:06:55]} Ke4 {[%clk 0:07:05]} 87. Kh6 {[%clk 0:07:16]} Bf7
{[%clk 0:06:34]} 88. Rg5 {[%clk 0:07:18]} Ra1 {[%clk 0:05:44]} 89. Kg7
{[%clk 0:06:56]} Bd5 {[%clk 0:06:04]} 90. Kf6 {[%clk 0:06:55]} Ra6+
{[%clk 0:06:28]} 91. Ke7 {[%clk 0:07:09]} Re6+ {[%clk 0:05:40]} 92. Kd7
{[%clk 0:07:18]} Rh6 {[%clk 0:05:33]} 93. Ke7 {[%clk 0:07:12]} Be6
{[%clk 0:05:00]} 94. Rg1 {[%clk 0:07:11]} Bf5 {[%clk 0:05:15]} 95. Re1+
{[%clk 0:07:18]} Kd5 {[%clk 0:05:40]} 96. Rd1+ {[%clk 0:06:00]} Ke5
{[%clk 0:06:06]} 97. Re1+ {[%clk 0:06:27]} Be4 {[%clk 0:06:32]} 98. Kd7
{[%clk 0:06:21]} Rh7+ {[%clk 0:06:46]} 99. Ke8 {[%clk 0:06:45]} Ra7
{[%clk 0:07:11]} 100. Re2 {[%clk 0:07:06]} Kd5 {[%clk 0:06:03]} 101. Kf8
{[%clk 0:07:19]} Bf5 {[%clk 0:06:27]} 102. Re7 {[%clk 0:07:44]} Ra8+
{[%clk 0:06:52]} 103. Kf7 {[%clk 0:07:54]} Ra6 {[%clk 0:06:24]} 104. Re1
{[%clk 0:07:57]} Be6+ {[%clk 0:06:31]} 105. Kf6 {[%clk 0:07:38]} Bg4+
{[%clk 0:06:51]} 106. Kg5 {[%clk 0:07:34]} Bf3 {[%clk 0:07:10]} 107. Kf4
{[%clk 0:07:47]} Rf6+ {[%clk 0:07:30]} 108. Kg5 {[%clk 0:08:06]} Rf8
{[%clk 0:07:48]} 109. Ra1 {[%clk 0:08:19]} Ke5 {[%clk 0:08:11]} 110. Ra5+
{[%clk 0:08:44]} Bd5 {[%clk 0:08:35]} 111. Kg4 {[%clk 0:08:53]} Rg8+
{[%clk 0:08:51]} 112. Kh5 {[%clk 0:09:15]} Rg1 {[%clk 0:09:03]} 113. Rb5
{[%clk 0:09:41]} Rd1 {[%clk 0:09:19]} 114. Kg5 {[%clk 0:10:05]} Rg1+
{[%clk 0:09:36]} 115. Kh5 {[%clk 0:10:31]} Ke6 {[%clk 0:10:00]} 116. Kh4
{[%clk 0:10:56]} Bf3 {[%clk 0:09:49]} 117. Rg5 {[%clk 0:11:11]} Rxg5
{[%clk 0:09:31]} 118. Kxg5 {[%clk 0:11:36]} 1/2-1/2

[Event "European Individual Chess Championship 2017"]
[Site "?"]
[Date "2017.06.09"]
[Round "10.42"]
[White "Khismatullin, Denis"]
[Black "Sadzikowski, Daniel"]
[Result "1-0"]
[BlackElo "2548"]
[WhiteElo "2651"]
[LiveChessVersion "1.4.8"]

1. Nf3 {[%clk 1:27:13]} c5 {[%clk 1:30:42]} 2. e4 {[%clk 1:27:38]} d6
{[%clk 1:31:08]} 3. Bb5+ {[%clk 1:28:03]} Nd7 {[%clk 1:31:21]} 4. c3
{[%clk 1:28:23]} Ngf6 {[%clk 1:31:05]} 5. Qe2 {[%clk 1:26:48]} a6
{[%clk 1:29:01]} 6. Ba4 {[%clk 1:22:55]} e5 {[%clk 1:26:37]} 7. d4
{[%clk 1:17:52]} b5 {[%clk 1:26:43]} 8. Bc2 {[%clk 1:18:11]} Be7 {[%clk 1:26:19]}
9. O-O {[%clk 1:14:09]} O-O {[%clk 1:25:58]} 10. Rd1 {[%clk 1:11:18]} Qb6
{[%clk 1:11:55]} 11. a4 {[%clk 1:04:00]} Bb7 {[%clk 1:10:16]} 12. d5
{[%clk 0:55:13]} c4 {[%clk 1:08:57]} 13. Be3 {[%clk 0:50:05]} Nc5
{[%clk 1:07:47]} 14. Nfd2 {[%clk 0:50:05]} Nfd7 {[%clk 0:57:04]} 15. Na3
{[%clk 0:49:04]} Rfb8 {[%clk 0:43:26]} 16. Ndxc4 {[%clk 0:40:10]} bxc4
{[%clk 0:43:01]} 17. Nxc4 {[%clk 0:38:51]} Qc7 {[%clk 0:17:54]} 18. b4
{[%clk 0:36:46]} a5 {[%clk 0:18:09]} 19. bxc5 {[%clk 0:37:07]} Nxc5
{[%clk 0:18:37]} 20. Na3 {[%clk 0:33:44]} Ba6 {[%clk 0:19:05]} 21. c4
{[%clk 0:33:21]} Bd8 {[%clk 0:19:22]} 22. Nb5 {[%clk 0:26:31]} Bxb5
{[%clk 0:19:48]} 23. cxb5 {[%clk 0:26:56]} Qa7 {[%clk 0:19:39]} 24. Ra3
{[%clk 0:25:55]} Bb6 {[%clk 0:20:04]} 25. Rc3 {[%clk 0:24:43]} Re8
{[%clk 0:20:29]} 26. Ra1 {[%clk 0:21:24]} Qe7 {[%clk 0:20:30]} 27. Raa3
{[%clk 0:20:10]} Qh4 {[%clk 0:20:27]} 28. Bd2 {[%clk 0:18:51]} f5
{[%clk 0:20:02]} 29. exf5 {[%clk 0:15:53]} e4 {[%clk 0:15:38]} 30. Rh3
{[%clk 0:12:35]} Qf6 {[%clk 0:12:42]} 31. Qh5 {[%clk 0:09:50]} h6
{[%clk 0:13:05]} 32. Bc3 {[%clk 0:07:31]} Re5 {[%clk 0:13:33]} 33. Rg3
{[%clk 0:01:30]} Ra7 {[%clk 0:07:06]} 34. Rg6 {[%clk 0:01:21]} Qxf5
{[%clk 0:07:19]} 35. Qxf5 {[%clk 0:01:41]} Rxf5 {[%clk 0:07:47]} 36. Rxd6
{[%clk 0:01:54]} Nd7 {[%clk 0:07:29]} 37. Rxb6 {[%clk 0:01:21]} Nxb6
{[%clk 0:07:56]} 38. Bxe4 {[%clk 0:01:44]} Rf4 {[%clk 0:06:34]} 39. f3
{[%clk 0:02:00]} Rd7 {[%clk 0:06:53]} 40. Ra2 {[%clk 0:31:03]} Nxd5
{[%clk 0:35:53]} 41. Bxa5 {[%clk 0:25:30]} Rf8 {[%clk 0:33:06]} 42. Rd2
{[%clk 0:20:46]} Nb6 {[%clk 0:32:46]} 43. Rxd7 {[%clk 0:21:05]} Nxd7
{[%clk 0:33:14]} 44. Bc7 {[%clk 0:20:33]} Nc5 {[%clk 0:29:14]} 45. b6
{[%clk 0:19:30]} 1-0

[Event "European Individual Chess Championship 2017"]
[Site "?"]
[Date "2017.06.09"]
[Round "10.43"]
[White "Swiercz, Dariusz"]
[Black "Petrosyan, Manuel"]
[Result "1-0"]
[BlackElo "2546"]
[WhiteElo "2649"]
[LiveChessVersion "1.4.8"]

1. e4 {[%clk 1:30:57]} e5 {[%clk 1:24:14]} 2. Nf3 {[%clk 1:31:21]} Nc6
{[%clk 1:24:37]} 3. Bb5 {[%clk 1:31:47]} a6 {[%clk 1:24:32]} 4. Ba4
{[%clk 1:32:08]} Nf6 {[%clk 1:24:45]} 5. O-O {[%clk 1:32:30]} Nxe4
{[%clk 1:24:52]} 6. d4 {[%clk 1:32:38]} b5 {[%clk 1:25:02]} 7. Bb3
{[%clk 1:33:03]} d5 {[%clk 1:25:21]} 8. dxe5 {[%clk 1:33:29]} Be6
{[%clk 1:25:32]} 9. Be3 {[%clk 1:33:54]} Be7 {[%clk 1:24:46]} 10. c3
{[%clk 1:34:11]} O-O {[%clk 1:23:05]} 11. Nbd2 {[%clk 1:33:48]} Nxd2
{[%clk 1:23:05]} 12. Qxd2 {[%clk 1:30:49]} Na5 {[%clk 1:21:02]} 13. Nd4
{[%clk 1:30:17]} Nc4 {[%clk 0:57:08]} 14. Nxe6 {[%clk 1:13:51]} fxe6
{[%clk 0:55:02]} 15. Qe2 {[%clk 1:14:06]} Nxe3 {[%clk 0:42:12]} 16. Qxe3
{[%clk 1:14:09]} c5 {[%clk 0:42:32]} 17. Bc2 {[%clk 1:10:24]} g6 {[%clk 0:41:22]}
18. g3 {[%clk 1:07:23]} c4 {[%clk 0:35:42]} 19. h4 {[%clk 0:56:46]} Rf7
{[%clk 0:24:18]} 20. Kg2 {[%clk 0:51:11]} Rc8 {[%clk 0:23:09]} 21. Rad1
{[%clk 0:50:52]} b4 {[%clk 0:16:13]} 22. f4 {[%clk 0:29:29]} Qa5 {[%clk 0:16:18]}
23. h5 {[%clk 0:19:19]} Rg7 {[%clk 0:11:44]} 24. hxg6 {[%clk 0:17:50]} hxg6
{[%clk 0:12:08]} 25. Bb1 {[%clk 0:15:00]} Rb8 {[%clk 0:11:19]} 26. Rd2
{[%clk 0:13:32]} bxc3 {[%clk 0:10:56]} 27. bxc3 {[%clk 0:14:01]} Rb5
{[%clk 0:07:03]} 28. Qf3 {[%clk 0:08:24]} Qb6 {[%clk 0:05:53]} 29. Bc2
{[%clk 0:08:39]} Rb2 {[%clk 0:06:19]} 30. Re2 {[%clk 0:05:22]} Rxa2
{[%clk 0:04:48]} 31. Rh1 {[%clk 0:05:10]} Rb2 {[%clk 0:04:33]} 32. Rh6
{[%clk 0:05:05]} d4 {[%clk 0:01:32]} 33. Bxg6 {[%clk 0:00:54]} d3
{[%clk 0:00:32]} 34. Rxb2 {[%clk 0:01:23]} Qxb2+ {[%clk 0:01:02]} 35. Kh3
{[%clk 0:01:47]} Rxg6 {[%clk 0:00:33]} 36. Rxg6+ {[%clk 0:02:05]} Kf7
{[%clk 0:01:01]} 37. Qh5 {[%clk 0:01:42]} Qe2 {[%clk 0:00:32]} 38. Rf6+
{[%clk 0:01:58]} 1-0

[Event "European Individual Chess Championship 2017"]
[Site "?"]
[Date "2017.06.09"]
[Round "10.44"]
[White "Bortnyk, Olexandr"]
[Black "Ivanisevic, Ivan"]
[Result "1/2-1/2"]
[BlackElo "2638"]
[WhiteElo "2567"]
[LiveChessVersion "1.4.8"]

1. e4 {[%clk 1:25:55]} c5 {[%clk 1:30:58]} 2. Nf3 {[%clk 1:26:07]} e6
{[%clk 1:31:22]} 3. Nc3 {[%clk 1:26:12]} d6 {[%clk 1:23:13]} 4. d4
{[%clk 1:23:05]} cxd4 {[%clk 1:23:33]} 5. Nxd4 {[%clk 1:22:10]} Nf6
{[%clk 1:23:57]} 6. g3 {[%clk 1:22:33]} Be7 {[%clk 1:24:21]} 7. Bg2
{[%clk 1:22:58]} O-O {[%clk 1:24:46]} 8. O-O {[%clk 1:23:22]} Nc6
{[%clk 1:25:13]} 9. h3 {[%clk 1:23:23]} Bd7 {[%clk 1:20:59]} 10. Be3
{[%clk 1:16:13]} Nxd4 {[%clk 1:11:45]} 11. Qxd4 {[%clk 1:12:56]} Bc6
{[%clk 1:10:17]} 12. Rad1 {[%clk 1:09:58]} Qb8 {[%clk 1:04:06]} 13. g4
{[%clk 0:46:47]} h6 {[%clk 0:47:26]} 14. f4 {[%clk 0:26:27]} b5 {[%clk 0:46:31]}
15. e5 {[%clk 0:21:04]} Bxg2 {[%clk 0:46:17]} 16. Kxg2 {[%clk 0:21:29]} b4
{[%clk 0:39:09]} 17. exf6 {[%clk 0:20:14]} Bxf6 {[%clk 0:39:34]} 18. Qxd6
{[%clk 0:20:40]} Qb7+ {[%clk 0:38:43]} 19. Nd5 {[%clk 0:21:03]} exd5
{[%clk 0:38:21]} 20. Qxd5 {[%clk 0:21:25]} Qa6 {[%clk 0:38:41]} 21. b3
{[%clk 0:12:10]} Rac8 {[%clk 0:33:06]} 22. Rf2 {[%clk 0:11:25]} Rfe8
{[%clk 0:32:54]} 23. Qf3 {[%clk 0:09:56]} Rc3 {[%clk 0:31:09]} 24. Re2
{[%clk 0:03:07]} Bh4 {[%clk 0:24:47]} 25. Rdd2 {[%clk 0:02:47]} Qc8
{[%clk 0:23:24]} 26. Kf1 {[%clk 0:01:31]} Bf6 {[%clk 0:18:47]} 27. Kg2
{[%clk 0:00:51]} Bd8 {[%clk 0:19:07]} 28. Qd5 {[%clk 0:01:00]} Qa6
{[%clk 0:17:32]} 29. Qd7 {[%clk 0:00:43]} Rexe3 {[%clk 0:14:33]} 30. Qxd8+
{[%clk 0:01:04]} Kh7 {[%clk 0:14:58]} 31. Rxe3 {[%clk 0:01:30]} Rxe3
{[%clk 0:15:17]} 32. Qd5 {[%clk 0:01:44]} Qg6 {[%clk 0:14:09]} 33. Qc4
{[%clk 0:00:32]} Rc3 {[%clk 0:14:05]} 34. Qe2 {[%clk 0:00:32]} f5
{[%clk 0:05:13]} 35. Kh2 {[%clk 0:00:47]} fxg4 {[%clk 0:05:22]} 36. Qxg4
{[%clk 0:00:37]} Qe4 {[%clk 0:05:32]} 37. Rg2 {[%clk 0:00:59]} Rc7
{[%clk 0:05:53]} 38. f5 {[%clk 0:01:13]} Qe5+ {[%clk 0:04:28]} 39. Qg3
{[%clk 0:00:35]} Rc5 {[%clk 0:03:49]} 40. Qxe5 {[%clk 0:30:48]} Rxe5
{[%clk 0:34:15]} 41. Rf2 {[%clk 0:31:14]} Kg8 {[%clk 0:30:01]} 42. Kg3
{[%clk 0:27:36]} Kf7 {[%clk 0:28:38]} 43. Rf4 {[%clk 0:22:28]} a5
{[%clk 0:28:09]} 44. Rc4 {[%clk 0:22:52]} Rxf5 {[%clk 0:18:56]} 45. c3
{[%clk 0:23:03]} bxc3 {[%clk 0:19:03]} 1/2-1/2

[Event "European Individual Chess Championship 2017"]
[Site "?"]
[Date "2017.06.09"]
[Round "10.45"]
[White "Lupulescu, Constantin"]
[Black "Sedlak, Nikola"]
[Result "1-0"]
[BlackElo "2523"]
[WhiteElo "2631"]
[LiveChessVersion "1.4.8"]

1. d4 {[%clk 1:30:25]} Nf6 {[%clk 1:25:31]} 2. c4 {[%clk 1:30:50]} e6
{[%clk 1:25:47]} 3. Nc3 {[%clk 1:28:18]} d5 {[%clk 1:25:51]} 4. cxd5
{[%clk 1:28:26]} exd5 {[%clk 1:26:13]} 5. Bg5 {[%clk 1:28:47]} c6
{[%clk 1:26:25]} 6. e3 {[%clk 1:29:09]} Bf5 {[%clk 1:26:28]} 7. Qf3
{[%clk 1:29:20]} Bg6 {[%clk 1:26:39]} 8. Bxf6 {[%clk 1:29:42]} Qxf6
{[%clk 1:26:52]} 9. Qxf6 {[%clk 1:30:09]} gxf6 {[%clk 1:27:14]} 10. Nf3
{[%clk 1:29:38]} Nd7 {[%clk 1:26:25]} 11. Nh4 {[%clk 1:26:53]} Nb6
{[%clk 1:25:47]} 12. f4 {[%clk 1:20:42]} f5 {[%clk 1:26:09]} 13. Bd3
{[%clk 1:18:51]} Nc4 {[%clk 1:26:32]} 14. Bxc4 {[%clk 1:18:16]} dxc4
{[%clk 1:26:55]} 15. Kf2 {[%clk 1:15:04]} Be7 {[%clk 1:17:34]} 16. Nf3
{[%clk 1:14:15]} f6 {[%clk 1:17:21]} 17. a4 {[%clk 0:54:34]} Bf7 {[%clk 1:14:12]}
18. Nh4 {[%clk 0:48:39]} Be6 {[%clk 1:14:03]} 19. Ne2 {[%clk 0:48:30]} O-O-O
{[%clk 1:10:14]} 20. Rhc1 {[%clk 0:47:09]} Bb4 {[%clk 1:02:42]} 21. Ng3
{[%clk 0:43:12]} a5 {[%clk 1:02:31]} 22. Nhxf5 {[%clk 0:41:02]} b5
{[%clk 1:02:51]} 23. e4 {[%clk 0:36:19]} Kb7 {[%clk 0:52:11]} 24. Kf3
{[%clk 0:32:39]} Kb6 {[%clk 0:47:12]} 25. Rc2 {[%clk 0:29:09]} Rhg8
{[%clk 0:38:34]} 26. h3 {[%clk 0:26:59]} Rxg3+ {[%clk 0:37:29]} 27. Kxg3
{[%clk 0:25:48]} Bxf5 {[%clk 0:37:52]} 28. exf5 {[%clk 0:26:15]} Rxd4
{[%clk 0:38:15]} 29. Kg4 {[%clk 0:16:58]} Rd3 {[%clk 0:23:45]} 30. Kh5
{[%clk 0:15:01]} c3 {[%clk 0:23:41]} 31. bxc3 {[%clk 0:09:44]} Bxc3
{[%clk 0:23:53]} 32. Rb1 {[%clk 0:06:06]} b4 {[%clk 0:22:54]} 33. h4
{[%clk 0:05:47]} Rg3 {[%clk 0:21:56]} 34. Kh6 {[%clk 0:05:12]} Kc5
{[%clk 0:21:11]} 35. Kxh7 {[%clk 0:03:53]} Kc4 {[%clk 0:20:51]} 36. h5
{[%clk 0:03:42]} b3 {[%clk 0:20:32]} 37. Re2 {[%clk 0:01:39]} c5 {[%clk 0:18:27]}
38. h6 {[%clk 0:01:35]} Kb4 {[%clk 0:08:07]} 39. Re7 {[%clk 0:01:45]} Kxa4
{[%clk 0:07:27]} 40. Rg7 {[%clk 0:31:53]} Rd3 {[%clk 0:37:32]} 41. Kg6
{[%clk 0:26:57]} Rd8 {[%clk 0:35:38]} 42. h7 {[%clk 0:26:52]} Rh8
{[%clk 0:36:03]} 43. Rg8 {[%clk 0:23:52]} Rxh7 {[%clk 0:36:26]} 44. Kxh7
{[%clk 0:24:18]} c4 {[%clk 0:35:14]} 45. Rc8 {[%clk 0:13:16]} Kb4
{[%clk 0:34:56]} 46. Rc1 {[%clk 0:12:18]} Bd2 {[%clk 0:32:59]} 47. R1xc4+
{[%clk 0:10:07]} Ka3 {[%clk 0:33:20]} 48. Rd8 {[%clk 0:09:04]} 1-0

[Event "European Individual Chess Championship 2017"]
[Site "?"]
[Date "2017.06.09"]
[Round "10.46"]
[White "Saric, Ivan"]
[Black "Gorovets, Andrey"]
[Result "1-0"]
[BlackElo "2524"]
[WhiteElo "2618"]
[LiveChessVersion "1.4.8"]

1. e4 {[%clk 1:30:57]} c5 {[%clk 1:30:42]} 2. Nf3 {[%clk 1:31:22]} e6
{[%clk 1:31:08]} 3. d4 {[%clk 1:31:49]} cxd4 {[%clk 1:31:34]} 4. Nxd4
{[%clk 1:32:16]} a6 {[%clk 1:31:53]} 5. Bd3 {[%clk 1:32:42]} Nf6 {[%clk 1:32:11]}
6. O-O {[%clk 1:33:06]} Qc7 {[%clk 1:32:00]} 7. Qe2 {[%clk 1:33:26]} d6
{[%clk 1:32:01]} 8. c4 {[%clk 1:33:49]} g6 {[%clk 1:32:06]} 9. Nc3
{[%clk 1:34:10]} Bg7 {[%clk 1:32:20]} 10. Be3 {[%clk 1:33:57]} Nbd7
{[%clk 1:31:46]} 11. Rac1 {[%clk 1:32:16]} O-O {[%clk 1:28:15]} 12. Rfd1
{[%clk 1:32:20]} Ne5 {[%clk 1:25:00]} 13. f3 {[%clk 1:30:18]} Bd7
{[%clk 1:22:51]} 14. b3 {[%clk 1:27:26]} Nxd3 {[%clk 1:22:54]} 15. Qxd3
{[%clk 1:26:46]} Rfd8 {[%clk 1:23:15]} 16. Nde2 {[%clk 1:23:08]} Be8
{[%clk 1:17:40]} 17. Bd4 {[%clk 1:18:22]} Rac8 {[%clk 1:02:49]} 18. Qe3
{[%clk 1:16:48]} Nd7 {[%clk 1:02:01]} 19. Bxg7 {[%clk 1:17:07]} Kxg7
{[%clk 1:02:30]} 20. Qd4+ {[%clk 1:14:34]} Nf6 {[%clk 1:02:41]} 21. a4
{[%clk 1:10:10]} Qa5 {[%clk 0:57:45]} 22. Kh1 {[%clk 0:58:28]} Qb4
{[%clk 0:54:23]} 23. Rb1 {[%clk 0:51:45]} e5 {[%clk 0:48:04]} 24. Qe3
{[%clk 0:47:12]} h6 {[%clk 0:43:38]} 25. Na2 {[%clk 0:43:26]} Qc5
{[%clk 0:36:31]} 26. Qxc5 {[%clk 0:42:30]} dxc5 {[%clk 0:36:36]} 27. Nac3
{[%clk 0:42:44]} Rxd1+ {[%clk 0:35:59]} 28. Rxd1 {[%clk 0:43:10]} Bc6
{[%clk 0:33:52]} 29. a5 {[%clk 0:41:56]} Kf8 {[%clk 0:32:40]} 30. Kg1
{[%clk 0:42:23]} Ke7 {[%clk 0:32:42]} 31. Kf2 {[%clk 0:42:17]} h5
{[%clk 0:31:11]} 32. h4 {[%clk 0:41:27]} Bd7 {[%clk 0:19:57]} 33. Nd5+
{[%clk 0:33:22]} Nxd5 {[%clk 0:20:22]} 34. Rxd5 {[%clk 0:32:56]} Be6
{[%clk 0:18:59]} 35. Rd2 {[%clk 0:30:05]} Rd8 {[%clk 0:15:05]} 36. Rxd8
{[%clk 0:30:24]} Kxd8 {[%clk 0:15:34]} 37. Nc1 {[%clk 0:20:47]} Ke7
{[%clk 0:15:40]} 38. Nd3 {[%clk 0:21:14]} Kd6 {[%clk 0:16:07]} 39. Ke3
{[%clk 0:21:25]} f6 {[%clk 0:14:05]} 40. Nf2 {[%clk 0:50:35]} g5 {[%clk 0:38:28]}
41. g3 {[%clk 0:36:34]} Bd7 {[%clk 0:29:44]} 42. g4 {[%clk 0:33:14]} gxh4
{[%clk 0:21:27]} 43. gxh5 {[%clk 0:33:10]} Ke7 {[%clk 0:12:19]} 44. Ng4
{[%clk 0:27:45]} Kf7 {[%clk 0:09:00]} 45. Kf2 {[%clk 0:28:06]} Bxg4
{[%clk 0:06:56]} 46. fxg4 {[%clk 0:28:30]} Kg7 {[%clk 0:07:25]} 47. Kg2
{[%clk 0:28:55]} Kh6 {[%clk 0:07:40]} 48. Kh2 {[%clk 0:29:19]} f5
{[%clk 0:07:26]} 49. gxf5 {[%clk 0:29:23]} Kxh5 {[%clk 0:07:45]} 50. Kh3
{[%clk 0:29:50]} Kg5 {[%clk 0:06:41]} 51. f6 {[%clk 0:30:15]} Kxf6
{[%clk 0:06:55]} 52. Kxh4 {[%clk 0:30:41]} Kg6 {[%clk 0:06:40]} 53. Kg4
{[%clk 0:31:10]} Kf6 {[%clk 0:07:02]} 54. Kh5 {[%clk 0:31:36]} Kf7
{[%clk 0:06:06]} 55. Kg5 {[%clk 0:32:01]} Ke6 {[%clk 0:06:32]} 56. Kg6
{[%clk 0:32:27]} 1-0

[Event "European Individual Chess Championship 2017"]
[Site "?"]
[Date "2017.06.09"]
[Round "10.47"]
[White "Sturua, Zurab"]
[Black "Kozul, Zdenko"]
[Result "1-0"]
[BlackElo "2617"]
[WhiteElo "2555"]
[LiveChessVersion "1.4.8"]

1. Nf3 {[%clk 1:30:45]} Nf6 {[%clk 1:30:29]} 2. g3 {[%clk 1:30:39]} b6
{[%clk 1:23:51]} 3. Bg2 {[%clk 1:30:32]} Bb7 {[%clk 1:24:17]} 4. O-O
{[%clk 1:30:42]} g6 {[%clk 1:24:37]} 5. c4 {[%clk 1:28:28]} Bg7 {[%clk 1:24:56]}
6. d4 {[%clk 1:26:43]} O-O {[%clk 1:25:16]} 7. Nc3 {[%clk 1:23:31]} Ne4
{[%clk 1:23:52]} 8. Nxe4 {[%clk 1:23:34]} Bxe4 {[%clk 1:24:16]} 9. d5
{[%clk 1:23:58]} c6 {[%clk 1:09:45]} 10. Bh3 {[%clk 1:13:49]} Bxf3
{[%clk 1:02:34]} 11. exf3 {[%clk 1:14:07]} cxd5 {[%clk 1:02:41]} 12. cxd5
{[%clk 1:05:58]} e6 {[%clk 1:02:35]} 13. f4 {[%clk 1:02:44]} Na6 {[%clk 0:59:18]}
14. Bg2 {[%clk 1:02:09]} Rb8 {[%clk 0:57:42]} 15. Qe2 {[%clk 0:42:33]} Nc5
{[%clk 0:47:39]} 16. Be3 {[%clk 0:36:53]} a5 {[%clk 0:37:04]} 17. Rad1
{[%clk 0:35:58]} Qf6 {[%clk 0:36:01]} 18. Rd2 {[%clk 0:35:03]} Qf5
{[%clk 0:32:21]} 19. Rfd1 {[%clk 0:28:38]} h5 {[%clk 0:29:14]} 20. h3
{[%clk 0:21:33]} Rfc8 {[%clk 0:23:54]} 21. dxe6 {[%clk 0:17:42]} dxe6
{[%clk 0:24:03]} 22. b3 {[%clk 0:17:53]} h4 {[%clk 0:22:05]} 23. g4
{[%clk 0:17:05]} Qf6 {[%clk 0:22:28]} 24. Bf3 {[%clk 0:13:54]} Rd8
{[%clk 0:17:43]} 25. Kg2 {[%clk 0:14:01]} Rxd2 {[%clk 0:16:35]} 26. Qxd2
{[%clk 0:14:14]} Qe7 {[%clk 0:14:21]} 27. Qd6 {[%clk 0:11:19]} Qxd6
{[%clk 0:13:54]} 28. Rxd6 {[%clk 0:11:45]} Bf8 {[%clk 0:14:19]} 29. Rc6
{[%clk 0:11:48]} a4 {[%clk 0:13:39]} 30. bxa4 {[%clk 0:09:02]} Nxa4
{[%clk 0:14:00]} 31. f5 {[%clk 0:06:44]} gxf5 {[%clk 0:14:09]} 32. gxf5
{[%clk 0:07:08]} exf5 {[%clk 0:14:34]} 33. Bd5 {[%clk 0:05:11]} Bc5
{[%clk 0:13:43]} 34. Bg5 {[%clk 0:02:54]} Nc3 {[%clk 0:11:30]} 35. Bb3
{[%clk 0:03:19]} Ne4 {[%clk 0:10:42]} 36. Bxh4 {[%clk 0:02:44]} Rb7
{[%clk 0:07:39]} 37. f3 {[%clk 0:01:55]} Nd2 {[%clk 0:07:05]} 38. Bf2
{[%clk 0:01:18]} f4 {[%clk 0:06:12]} 39. Bd5 {[%clk 0:01:02]} Re7
{[%clk 0:06:03]} 40. Bxc5 {[%clk 0:31:05]} bxc5 {[%clk 0:36:17]} 41. Kf2
{[%clk 0:30:33]} Re5 {[%clk 0:22:06]} 42. Rxc5 {[%clk 0:29:09]} Kf8
{[%clk 0:21:44]} 43. a4 {[%clk 0:24:36]} Ke7 {[%clk 0:09:18]} 44. Rb5
{[%clk 0:24:44]} Nb1 {[%clk 0:07:40]} 45. Bxf7 {[%clk 0:20:28]} 1-0